000 00761nam a2200277Ia 4500
008 160216s9999 xx 000 0 und d
020 _a971-23-3761-8
050 _aFIL LB 3621
050 _b.C78 2003
100 _aCruz, Ceciliano-Jose.
245 _aPamahayagang pangkampus :
245 _bsa bagong milenyo, para sa mga mag-aaral, guro at tagapayo /
245 _cCeciliano-Jose Cruz.
260 _aManila:
260 _bRex Book Store, Inc.,
260 _c2003
300 _a242 pages :
300 _bill. ;
300 _c22 cm.
500 _aIncludes index.
650 _aJournalism --
650 _aJournalism, College.
650 _aJournalism, school --
650 _xHandbooks, manuals, etc.
650 _xStudy and teaching.
999 _c290982
_d290982